| 000 | 00402nam a2200157Ia 4500 | ||
|---|---|---|---|
| 008 | 210716s1997 xx 000 0 und d | ||
| 020 | _a818598414X | ||
| 041 | _aeng | ||
| 082 | _a374.22 GOLE | ||
| 100 | _aGoldratt, Eliyahu M. | ||
| 245 | _aCritical Chain. | ||
| 250 | _a1 | ||
| 260 |
_aMadras _bProductivity and Quality Publishing Pvt Ltd _c1997 |
||
| 300 | _a246 | ||
| 650 | _aGeneral Management | ||
| 999 |
_c199267 _d199267 |
||